<?xml version="1.0" encoding="UTF-8"?>
<record
    xmlns:xsi="http://www.w3.org/2001/XMLSchema-instance"
    xsi:schemaLocation="http://www.loc.gov/MARC21/slim http://www.loc.gov/standards/marcxml/schema/MARC21slim.xsd"
    xmlns="http://www.loc.gov/MARC21/slim">

  <leader>00926cas a2200229 a 4500</leader>
  <controlfield tag="001">12282489</controlfield>
  <controlfield tag="003">OSt</controlfield>
  <controlfield tag="005">20211201113323.0</controlfield>
  <controlfield tag="008">000815c20009999ctuar    r    0   a0eng c</controlfield>
  <datafield tag="020" ind1=" " ind2=" ">
    <subfield code="a">9781456778231</subfield>
  </datafield>
  <datafield tag="035" ind1=" " ind2=" ">
    <subfield code="a">(OCoLC)ocm44788902 </subfield>
  </datafield>
  <datafield tag="037" ind1=" " ind2=" ">
    <subfield code="b">Collegiate Career Consulting LLC, P.O. Box 8095, Berlin, CT 06037</subfield>
  </datafield>
  <datafield tag="040" ind1=" " ind2=" ">
    <subfield code="c">LC</subfield>
  </datafield>
  <datafield tag="050" ind1="0" ind2="0">
    <subfield code="a">HD57.7.S49</subfield>
  </datafield>
  <datafield tag="100" ind1=" " ind2=" ">
    <subfield code="q">Seshie, P. O.</subfield>
  </datafield>
  <datafield tag="245" ind1="0" ind2="4">
    <subfield code="a">Theory for  corporate leadership development. /</subfield>
    <subfield code="c">P. O. Seshie.</subfield>
  </datafield>
  <datafield tag="260" ind1=" " ind2=" ">
    <subfield code="a">Central Milton Keynes:</subfield>
    <subfield code="b">Authorhouse,</subfield>
    <subfield code="c">2011.</subfield>
  </datafield>
  <datafield tag="300" ind1=" " ind2=" ">
    <subfield code="a">xiv, 145 p;</subfield>
  </datafield>
  <datafield tag="505" ind1=" " ind2=" ">
    <subfield code="a">Contents: Organisational leadership -- Context surrounding organisational leadership -- Review of theory of leadership -- Changing mind on leadership -- The leadership in crisis -- Leadership and economic of organisation -- Theory for corporate leadership development -- Conclusion --</subfield>
  </datafield>
  <datafield tag="650" ind1=" " ind2=" ">
    <subfield code="2">Corporate leadership</subfield>
  </datafield>
  <datafield tag="942" ind1=" " ind2=" ">
    <subfield code="2">lcc</subfield>
    <subfield code="c">BK</subfield>
  </datafield>
  <datafield tag="999" ind1=" " ind2=" ">
    <subfield code="c">8168</subfield>
    <subfield code="d">15668</subfield>
  </datafield>
  <datafield tag="952" ind1=" " ind2=" ">
    <subfield code="0">0</subfield>
    <subfield code="1">0</subfield>
    <subfield code="2">lcc</subfield>
    <subfield code="4">0</subfield>
    <subfield code="7">0</subfield>
    <subfield code="a">WIUC-KL</subfield>
    <subfield code="b">WIUC-KL</subfield>
    <subfield code="c">GEN</subfield>
    <subfield code="d">2019-11-08</subfield>
    <subfield code="o">HD57.7.S49</subfield>
    <subfield code="p">K/1796/1796/19</subfield>
    <subfield code="r">2021-11-30 00:00:00</subfield>
    <subfield code="t">1</subfield>
    <subfield code="w">2021-11-30</subfield>
    <subfield code="y">BK</subfield>
  </datafield>
  <datafield tag="952" ind1=" " ind2=" ">
    <subfield code="0">0</subfield>
    <subfield code="1">0</subfield>
    <subfield code="2">lcc</subfield>
    <subfield code="4">0</subfield>
    <subfield code="7">0</subfield>
    <subfield code="a">WIUC-KL</subfield>
    <subfield code="b">WIUC-KL</subfield>
    <subfield code="c">GEN</subfield>
    <subfield code="d">2019-11-08</subfield>
    <subfield code="o">HD57.7.S491</subfield>
    <subfield code="p">K/1797/1797/19</subfield>
    <subfield code="r">2021-11-30 00:00:00</subfield>
    <subfield code="t">2</subfield>
    <subfield code="w">2021-11-30</subfield>
    <subfield code="y">BK</subfield>
  </datafield>
  <datafield tag="952" ind1=" " ind2=" ">
    <subfield code="0">0</subfield>
    <subfield code="1">0</subfield>
    <subfield code="2">lcc</subfield>
    <subfield code="4">0</subfield>
    <subfield code="7">0</subfield>
    <subfield code="a">WIUC-KL</subfield>
    <subfield code="b">WIUC-KL</subfield>
    <subfield code="c">GEN</subfield>
    <subfield code="d">2019-11-08</subfield>
    <subfield code="o">HD57.7.S492</subfield>
    <subfield code="p">K/1798/1798/19</subfield>
    <subfield code="r">2021-11-30 00:00:00</subfield>
    <subfield code="t">3</subfield>
    <subfield code="w">2021-11-30</subfield>
    <subfield code="y">BK</subfield>
  </datafield>
  <datafield tag="952" ind1=" " ind2=" ">
    <subfield code="0">0</subfield>
    <subfield code="1">0</subfield>
    <subfield code="2">lcc</subfield>
    <subfield code="4">0</subfield>
    <subfield code="7">0</subfield>
    <subfield code="a">WIUC-KL</subfield>
    <subfield code="b">WIUC-KL</subfield>
    <subfield code="c">GEN</subfield>
    <subfield code="d">2019-11-08</subfield>
    <subfield code="o">HD57.7.S493</subfield>
    <subfield code="p">K/1799/1799/19</subfield>
    <subfield code="r">2021-11-30 00:00:00</subfield>
    <subfield code="t">4</subfield>
    <subfield code="w">2021-11-30</subfield>
    <subfield code="y">BK</subfield>
  </datafield>
</record>
